02744cam a2200613 i 45000010009000000050017000090080041000260100017000670150019000840160018001030200029001210200026001500200029001760200026002050200035002310350024002660370092002900400188003820420014005700430012005840500027005960820020006230840056006431000040006992450118007392640045008572640011009023000050009133360026009633370028009893380027010175050181010446100028012256100028012536100054012816100035013356500018013706500047013886500035014356500044014706500041015146500073015556500037016286500050016656500016017156500042017316500054017736510043018277000056018709060045019269420012019719990019019839520128020022093796920230209132042.0190418t20162016nyuab b 001 0 eng d a 2018275462 aGBB5I47092bnb7 a0176767792Uk a9781510711846qhardcover a1510711848qhardcover a9781510729735qpaperback a1510729739qpaperback z9781510711853qelectronic book a(OCoLC)ocn931642026 bPerseus Distribution Services, 1094 Flex Dr, Jackson, TN, USA, 38301-5070nSAN 631-760X aBTCTAbengcBTCTAerdadYDXCPdBDXdOCLCQdZQPdCGPdLEBdJAOdIFAdJIDdOCLCFdGZTdNLGGCdCDXdIBIdVP@dGZMdILCdBURdQBXdS3OdSFRdBYVdCHILDdUAPdOCLCQdOCLCOdYDXdUKMGBdDLC alccopycat aaw-----00aHV6433.I722bN358 201604a363.325,NAN223 aPOL037000aSOC048000aPOL012000aHIS0270602bisacsh1 aNance, Malcolm W.,eauthor.910878910aDefeating ISIS :bwho they are, how they fight, what they believe /cMalcolm Nance ; [foreword by Richard Engel]. 1aNew York :bSkyhorse Publishing,c[2016] 4c©2016 axx, 505 pages :billustrations, maps ;c24 cm atextbtxt2rdacontent aunmediatedbn2rdamedia avolumebnc2rdacarrier0 aPart 1: Who they are. The old history of the new caliphate (Page-1), Part 2: Where they are (Page-69), Part 3: What they believe (Page-183), Part 4: How they fight (Page-299).20aIS (Organization)9847624aIS (Organization)9847627aIS (Organization)2fast0(OCoLC)fst019143259847627aIS (Organization)2sears98476 0aJihad.916743 0aTerrorismxReligious aspectsxIslam.98478 0aTerrorismzMiddle East.998766 7aJihad.2fast0(OCoLC)fst00983599916743 7aTerrorism.2fast0(OCoLC)fst01148101 7aTerrorismxReligious aspectsxIslam.2fast0(OCoLC)fst0114813898478 7aJihad (heligt krig)2sao9106233 7aTerrorismxreligiösa aspekter.2sao9108790 7aIslam.2sao 7aTerrorismzMiddle East.2sears998766 7aTerrorismxReligious aspectsxIslam.2sears98478 7aMiddle East.2fast0(OCoLC)fst012415861 aEngel, Richard,d1973-ewriter of foreword.9108791 a7bcbcccopycatd2encipf20gy-gencatlg 2ddccBK c593183d593183 00102ddc4070aMCSbMCScGENd2023-02-09l0o363.325,NANpMCS37617r2023-02-09w2023-02-09yBKzAlmirah No.62, Shelf No.4